Central Library OPAC University of Rajshahi

বাংলা লোককথার টাইপ ও মোটিফ ইনডেকস্ / (Record no. 38001)

MARC details
000 -LEADER
fixed length control field 01059nam a2200241 a 4500
001 - CONTROL NUMBER
control field 38001
003 - CONTROL NUMBER IDENTIFIER
rucl marc code BD-RjUL
005 - DATE AND TIME OF LATEST TRANSACTION
control field 20211209052714.0
008 - FIXED-LENGTH DATA ELEMENTS--GENERAL INFORMATION
fixed length control field 150824s2005 ii ||||| b||| 00| 0 eng d
035 ## - SYSTEM CONTROL NUMBER
System control number (BD-RjUL)38106
040 ## - CATALOGING SOURCE
Original cataloging agency BD-RjUL
Language of cataloging eng
Transcribing agency BD-RjUL
041 ## - LANGUAGE CODE
Language code of text/sound track or separate title eng
082 ## - DEWEY DECIMAL CLASSIFICATION NUMBER
Classification number 398.0954
Author mark and year MOB 2005
100 ## - MAIN ENTRY--PERSONAL NAME
Personal name মজুমদার, দিব্যজ্যোতি
9 (RLIN) 117702
245 ## - TITLE STATEMENT
Title বাংলা লোককথার টাইপ ও মোটিফ ইনডেকস্ /
Statement of responsibility, etc. দিব্যজ্যোতি মজুমদার
250 ## - EDITION STATEMENT
Edition statement ৩য় পরি. সং.
260 ## - PUBLICATION, DISTRIBUTION, ETC. (IMPRINT)
Place of publication, distribution, etc. কলকাতা :
Name of publisher, distributor, etc. লোকসংস্কৃতি ও আদিবাসী সংস্কৃতি কেন্দ্র,
Date of publication, distribution, etc. ২০০৫.
300 ## - PHYSICAL DESCRIPTION
Pagination ২২৬ পৃ. ;
Size ২২ সেমি.
504 ## - BIBLIOGRAPHY, ETC. NOTE
Bibliography, etc গ্রন্থপঞ্জি সংযুক্ত
650 ## - SUBJECT ADDED ENTRY--TOPICAL TERM
Topical term or geographic name as entry element লোককথা
Geographic subdivision ভারত (পশ্চিমবঙ্গ)
9 (RLIN) 117703
Topical term or geographic name as entry element Folklore
Geographic subdivision India (West Bengal)
9 (RLIN) 117704
942 ## - ADDED ENTRY ELEMENTS (KOHA)
Source of classification or shelving scheme Dewey Decimal Classification
Koha item type Books
Holdings
Lost status Source of classification or shelving scheme Damaged status Not for loan Collection code Permanent Location Current Location Shelving location Date acquired Source of acquisition Cost, normal purchase price Total Checkouts Full call number Date last seen Date checked out Copy number Koha item type
  Dewey Decimal Classification     Non-fiction Central Library, University of Rajshahi Central Library, University of Rajshahi General Stacks 22/01/2008 ঢাকা, প্যারাগন এন্টারপ্রাইজ 80.00 2 B 398.0954 MOB 2005 16/09/2015 07/09/2015 C-2 Books
  Dewey Decimal Classification     Non-fiction Central Library, University of Rajshahi Central Library, University of Rajshahi   22/01/2008 Paragon Enterprises Dhaka 80.00   B 398.0954 MOB 2005 18/10/2016   C-3 Books
  Dewey Decimal Classification     Non-fiction Central Library, University of Rajshahi Central Library, University of Rajshahi   22/01/2008 Paragon Enterprises Dhaka 80.00 2 B 398.0954 MOB 2005 05/07/2017 03/06/2017 C-4 Books
  Dewey Decimal Classification   Not For Loan Non-fiction Central Library, University of Rajshahi Central Library, University of Rajshahi Reading Room 22/01/2008 Paragogn Enterprise, Dhaka 40.00   B 398.0954 MOB 2005 21/01/2017   C-1 Books